=LDR 00000nam 2200000 4500 =001 INLIS000000000018265 =005 20130612113439 =008 ***********************************Ind** =035 ##$$0010-061300000018265 =041 ##$$a Ind =082 ##$$a 641.66 =090 ##$$a 641.66, Sus a =100 ##$$a Susmayati =245 ##$$a Aneka masakan daging, Susmayati =260 ##$$a 1993 $b Jakarta =300 ##$$a 187 hlm, ilus, 21 cm =650 ##$$a Masakan daging =850 ##$$a NBPNMAT =990 ##$$a 0185/BPAP-NTB/2015